10 państw z największym procentem lasów w Unii Europejskiej - Statystyki

Ogólne statystyki
  • Ten quiz został rozwiązany 107 razy
  • Średni wynik to 8 z 10
Statystyki odpowiedzi
Procent lasów Państwo % Poprawnych
73,1% lasów Finlandia
97%
68,4% lasów Szwecja
97%
46,9% lasów Austria
88%
49,3% lasów Estonia
87%
54,0% lasów Łotwa
85%
40,3% lasów Słowacja
85%
36,9% lasów Hiszpania
80%
62,0% lasów Słowenia
80%
35,3% lasów Portugalia
72%
35,2% lasów Bułgaria
65%
Nie znaleziono quizów pasujących do podanych kryteriów
Rozkład punktacji
Procent ludzi z każdym wynikiem
Percentyl według liczby udzielonych odpowiedzi
Twoja historia wyników
Nie rozwiązałeś tego quizu